Регионална библиотека "Любен Каравелов" - Русе

Защитени природни обекти (Запис номер 57723)

MARC детайли
000 -Лидер
Контролно поле с фиксирана дължина 01913nam a2200373 c 4500
003 - Код на организацията, давaща контролен номер
Контролно поле BLK
005 - Дата и час на последна редакция
Контролно поле 20180420222716.0
008 - Елементи от данни с фиксирана дължина
fixed length control field 180408b bul|||||r ||||||| ||bul||
010 ## - Наследен системен номер
LC control number KNG00061731000
040 ## - Източник на каталожния запис
Идентификатор на билиотеката - собственик на записа BLK
041 ## - Код за език
Код за езика на текст/звукозапис или на отделно заглавие Български
Код за езика КДБФ Български
080 ## - УДК
Текстов определител УДК Резервати и други защитени територии (в цялост) и тяхната организация - Геологически, географски и ландшафтни резервати вж 502.6 ; Резервати на живата природа вж 502.7; Ловни територии вж 639.1
УДК код - определител по УДК 502.4
УДК определител (497.2)(035)
УДК - код + определител 502.4(497.2)(035)
080 ## - УДК
Текстов определител УДК История на България
УДК код - определител по УДК 94(497.2)
УДК определител (035)
УДК - код + определител 94(497.2)(035)
100 1# - Редна дума - Автор
Автор Тошков, Марин
Авторска отговорност първи автор
R(LIN) 287815
139 ## - Редно поле
Редна дума Тошков, Марин и др.
Авторски знак Тошк - Т 78
245 10 - Сведения за заглавието
Заглавие Защитени природни обекти
Подзаглавни данни Нар. паркове, резервати, защитени местности, природни забележителности и истор. места : Справочник
Редно поле (дума) Марин Тошков; съавт. Николай М. Виходцевски.
257 ## - Страна на издаване
Страна на създаване/издаване България
260 ## - Област на издателските данни
-- София
Име на издателя, разпространителя и проч. Земиздат
Година на издаване 1971
300 ## - Физическа характеристика
Страници 183 с.
Илюстрации и др. с ил.
Размери/Мащаб 20 см
380 ## - Жанр
Жанр Естествени науки. Математика
500 ## - Общи забележки
Забележка 5 080 тир.
650 #4 - Допълнително описание по предмет – тема
Основно описание – тема или топоним Резервати - България
9 (RLIN) 246293
650 #4 - Допълнително описание по предмет – тема
Основно описание – тема или топоним Природни забележителности - България - справочници
9 (RLIN) 246294
651 #4 - Допълнително описание по предмет - топоним
Географско понятие България
9 (RLIN) 241624
653 ## - Ключова дума – ненормативна
Ключова дума резервати
653 ## - Ключова дума – ненормативна
Ключова дума природни паркове
653 ## - Ключова дума – ненормативна
Ключова дума защитени местности
700 1# - Други автори (авторска отговорност)
Лично име Виходцевски, Николай М.
Автороска отговорност (Описва отношението между автора и произведението) съавт.
9 (RLIN) 48426
852 ## - Местоположение
Форматна сигнатура Цб 60222
856 4# - Електронен адрес и достъп
Електронен формат pdf - файл
Път до файла /url/
856 4# - Електронен адрес и достъп
Електронен формат pdf - файл
Път до файла /url/
942 ## - АРТИКУЛИ
Вид на библиотечния материал Книги
Скрит в OPAC Не
944 ## - СЪЗДАВАНЕ И РЕДАКЦИЯ на ЗАПИСА
Създаване/Редакция Създаване
Дата на регистрацията/редакция 13.06.2004
Служител, извършил регистрацията/редакцията Читалня
944 ## - СЪЗДАВАНЕ И РЕДАКЦИЯ на ЗАПИСА
Създаване/Редакция Редакция
Дата на регистрацията/редакция 08.09.2017
Служител, извършил регистрацията/редакцията Ренета_Константинова
999 ## - СИСТЕМНИ КОНТРОЛНИ НОМЕРА
Koha biblionumber 57723
Koha biblioitemnumber 57723
Наличности
Код за отписване Код за изгубен артикул Източник на класификационната схема Код за повреда Коз за рестрикции Код за отдаване Артикулен № Име на библиотеката - собственик Име на библиотеката, в която се намира в момента Статус (Текущо местоположение) Дата на вписване в системата Местоположение - отдел Цена в лева Инвентарен номер Систематично азбучна сигнатура Баркод Номер на екземпляра Цена в евро Служебна бележка Служебен тип на артикула Бележка за публиката
Изтеглен Не е изгубен Universal Decimal Classification Не е повреден без рестрикции ползва се в читалня 94073 Регионална библиотека "Любен Каравелов" Русе Регионална библиотека "Любен Каравелов" Русе Читалня 1993-01-01 Читалня 0.49 103715 Ч 502/Т78М 103715 1 0.25 Дата инв: 15.03.2017 Бележки инв: Ч2017 Книги  
  Не е изгубен Universal Decimal Classification Не е повреден само за читалня ползва се в читалня 94074 Регионална библиотека "Любен Каравелов" Русе Регионална библиотека "Любен Каравелов" Русе Хранилище 1971-01-01 Хранилище 0.00 103462 Цб 60222 120000103462 2 0.00 Дост: Dp Вид: Сф Дата: 01.01.1971 Книги  
Изтеглен Не е изгубен   Не е повреден без рестрикции заемане за дома 94075 Регионална библиотека "Любен Каравелов" Русе Регионална библиотека "Любен Каравелов" Русе   1971-01-01 Заемна - подръчен фонд 0.49 103713 П 502.4/Т78М 103713 3 0.25 Дост: Pk Вид: Сф Дата: 01.01.1971 Книги Отч.N: 11/2018 , Дата: 02.02.2018
Изтеглен Не е изгубен   Не е повреден без рестрикции заемане за дома 94076 Регионална библиотека "Любен Каравелов" Русе Регионална библиотека "Любен Каравелов" Русе   1971-01-01 Детски отдел 0.49 103523 ДН 50/Т78М 103523 4 0.25 Дост: Pk Вид: Сф Дата: 01.01.1971 Дата инв: 14.10.2015 Бележки инв: Д2015 Книги Отч.N: 43/17 , Дата: 08.09.2017
Vip Innovations Ltd, Rousse, Bulgaria 2025